| 000 | 00625nam a22002417a 4500 | ||
|---|---|---|---|
| 003 | UA-OsUOA | ||
| 001 | 22677 | ||
| 007 | ta | ||
| 008 | 20031223b un ||||| |||| 00| 0 ukr d | ||
| 100 | _aФрейд Зигмунд | ||
| 090 |
_a159.964.26 _bФ86 |
||
| 942 | _cBK | ||
| 040 |
_aUA-OsUOA _brus _cUA-OsUOA _dUA-OsUOA |
||
| 245 |
_aЯ и ОНО _cЗ. Фрейд; Пер. В. Ф. ПолянскогоПер. В. Ф.Полянского |
||
| 300 | _a56 с. | ||
| 955 | _a0 | ||
| 041 | _arus | ||
| 080 | _a159.964.26 | ||
| 260 |
_aМосква _bМЕТТЭМ _c1990 |
||
| 044 | _aRU | ||
| 650 | 7 | _2UDC | |
| 999 |
_c308903 _d308903 |
||